Quantity surveying 2000: the future role of the chartered quantity surveyor. (Record no. 93232)

MARC details
000 -LEADER
fixed length control field 00747cam a2200253 4500
008 - FIXED-LENGTH DATA ELEMENTS--GENERAL INFORMATION
fixed length control field 090401t1991 xxu||||| |||| 00| 0 eng d
020 ## - INTERNATIONAL STANDARD BOOK NUMBER
International Standard Book Number 0854064958
035 ## - SYSTEM CONTROL NUMBER
System control number (Sirsi) u53179
041 ## - LANGUAGE CODE
Language code of text/sound track or separate title eng
050 ## - LIBRARY OF CONGRESS CALL NUMBER
Classification number 692.5023
090 ## - LOCALLY ASSIGNED LC-TYPE CALL NUMBER (OCLC); LOCAL CALL NUMBER (RLIN)
Classification number (OCLC) (R) ; Classification number, CALL (RLIN) (NR) RICS 1991/22ABCDEFG
110 ## - MAIN ENTRY--CORPORATE NAME
Corporate name or jurisdiction name as entry element Davis Langdon and Everest
9 (RLIN) 1155
245 ## - TITLE STATEMENT
Title Quantity surveying 2000: the future role of the chartered quantity surveyor.
260 ## - PUBLICATION, DISTRIBUTION, ETC.
Place of publication, distribution, etc. London
Name of publisher, distributor, etc. RICS
Date of publication, distribution, etc. 1991
300 ## - PHYSICAL DESCRIPTION
Extent v,55p. ; 30cm.
350 ## - PRICE (NR) (BK AM CF MU VM SE) [OBSOLETE]
Price 12.5
520 ## - SUMMARY, ETC.
Summary, etc. Cover title: QS 2000.
650 ## - SUBJECT ADDED ENTRY--TOPICAL TERM
Topical term or geographic name entry element CLIENTS REQUIREMENTS
650 ## - SUBJECT ADDED ENTRY--TOPICAL TERM
Topical term or geographic name entry element QS 2000
650 ## - SUBJECT ADDED ENTRY--TOPICAL TERM
Topical term or geographic name entry element QUANTITY SURVEYORS
710 ## - ADDED ENTRY--CORPORATE NAME
Corporate name or jurisdiction name as entry element Royal Institution of Chartered Surveyors
Subordinate unit Quantity Surveyors' Division
9 (RLIN) 1263
942 ## - ADDED ENTRY ELEMENTS (KOHA)
Suppress in OPAC 0
948 ## - LOCAL PROCESSING INFORMATION (OCLC); SERIES PART DESIGNATOR (RLIN)
c (OCLC) 04/03/1997
Holdings
Withdrawn status Lost status Source of classification or shelving scheme Damaged status Not for loan Home library Current library Shelving location Date acquired Cost, normal purchase price Total Checkouts Full call number Barcode Date last seen Copy number Cost, replacement price Price effective from Koha item type Date last checked out
    Dewey Decimal Classification     London London RICS Boxes 27/08/1991 12.50   RICS 1991/22 30026656 06/08/2019 1 12.50 06/08/2019 Archive  
    Dewey Decimal Classification     London London RICS Boxes 27/08/1991 12.50   RICS 1991/22 30026657 06/08/2019 2 12.50 06/08/2019 Reference material  
    Dewey Decimal Classification     London London RICS Boxes 19/03/1993 12.50 1 RICS 1991/22 30038264 06/08/2019 3 12.50 06/08/2019 Book 04/04/2000
    Dewey Decimal Classification     London London RICS Boxes 27/08/1991 12.50 10 RICS 1991/22 30026659 06/08/2019 4 12.50 06/08/2019 Book 05/11/2009
    Dewey Decimal Classification     London London RICS Boxes 04/02/1993 12.50 18 RICS 1991/22 30038003 06/08/2019 5 12.50 06/08/2019 Book 11/01/2010
    Dewey Decimal Classification     London London RICS Boxes 19/03/1993 12.50 21 RICS 1991/22 30038263 06/08/2019 6 12.50 06/08/2019 Book 28/04/2008